000 00532nam a22001697a 4500
005 20251108175005.0
008 250721s2008 xx 000 0 ara d
082 1 4 _a796.323/فرج
100 1 _aفرج، جمال صبري
_eمؤلف
245 1 0 _aالإعداد البدني للاعب كرة السلة /
264 1 _aعمان :
_bدار دجلة للطباعة والنشر،
_c2008.
300 _a146ص.
650 1 7 _aالالعاب الرياضية
650 1 7 _aكرة السلة
942 _2ddc
_cBK
999 _c123333
_d123333